Normal view
MARC view
- القانون الدوالي الانساني-مصر
Entry Topical Term
001 - CONTROL NUMBER
- control field: 64434
003 - CONTROL NUMBER IDENTIFIER
- control field: JO-AjAnu
005 - DATE AND TIME OF LATEST TRANSACTION
- control field: 20230606084522.0
008 - FIXED-LENGTH DATA ELEMENTS
- fixed length control field: 230606|| aca||aabn | a|a d
040 ## - CATALOGING SOURCE
- Original cataloging agency: JO-AjAnu
- Transcribing agency: JO-AjAnu
150 ## - HEADING--TOPICAL TERM
- Topical term or geographic name entry element: القانون الدوالي الانساني-مصر
670 ## - SOURCE DATA FOUND
- Source citation: Work cat.: (JO-AjAnu)32932: صيام، سري، م.مشارك شريف عتلم, author 64433, القانون الدولي الانساني وتطبيقاته في جمهورية مصر العربية